000 00599nam a2200217Ia 4500
003 OSt
005 20220926045005.0
006 a|||||r|||| 00| 0
007 ta
008 220923b |||||||| |||| 00| 0 eng d
037 _cGeneral Book
040 _aRTL
_cRTL
_beng
041 _2eng
_aeng
082 _aXM.218r, K0/GD
110 _aAndhra Pradesh, Cooperative Societies (Registrar)
_9349679
245 0 _aReport
260 _c1960
700 _aAndhra Pradesh, Cooperative Societies (Registrar)
_9349680
942 _hXM.218r, K0/GD
_cGB
_2CC
999 _c676386
_d676386